000 00925nam a2200277Ia 4500
003 OSt
005 20220514112451.0
008 210716s2004 xx 000 0 und d
020 _a0395592453
040 _cAIMIT LIBRARY
041 _aeng
082 _a658.4012
_22
_bHILC
100 _aHill, Charles W. L.
_936968
245 _aStrategic management :
_ban integrated approach /
_cBy Charles W. L. Hill and Gareth Jones.
250 _a2
260 _aUSA :
_bHoughton Mifflin Company ,
_c1992.
300 _axx, 980p.
_c23.8 cm.
650 _aStrategic Management
_936969
650 _aCorporate Mission, Goals and Stakeholders
_936970
650 _aStrategy Formulation
_936971
650 _aBusiness-Level Strategy
_936972
650 _aCorporate-Level Strategy
_936973
650 _aCorporate-Level Strategy Global Dimensions
_936974
700 _aJones, Gareth R.
_936975
942 _2ddc
_cBK
_e2nd
_k658.4012 HILC
999 _c202967
_d202967